| 000 | 00869 a2200205 4500 | ||
|---|---|---|---|
| 001 | 57931 | ||
| 005 | 20260407155839.0 | ||
| 008 | 260407a arg spa d | ||
| 003 | AR-UNSa-BCEJYS | ||
| 040 |
_aAR-UNSa-BCEJYS _bspa _cAR-UNSa-BCEJYS |
||
| 080 |
_a332.1 _xEconomía regional. Economía territorial |
||
| 245 | 1 | 0 |
_aNorte Grande _pDesarrollo regional: finanzas, comercio exterior, gestión empresarial y reforma estatal. |
| 264 | 1 |
_aBuenos Aires : _bFundación Friedrich Ebert |
|
| 300 |
_a27 p. _c21 cm. |
||
| 505 | _a1. Introducción – 2. Tratado y región concertada – 3. El sistema interbancario – 4. Comercio exterior y región – 5. Microempresas y desarrollo regional – 6. Descentralización y reforma estatal | ||
| 942 | _cBK | ||
| 590 | _aniveau_biblio:m niveau_hierar:0 | ||
| 100 | 1 | _aCapraro, Héctor M. | |
| 700 | 1 | _aEsteso, Roberto L. | |
| 999 |
_c6333 _d6333 |
||